خو نی آ د م خو ر شير (Record no. 164124)

MARC details
000 -LEADER
fixed length control field 00674nam a22001937a 4500
005 - DATE AND TIME OF LATEST TRANSACTION
control field 20190510163154.0
010 ## - LCCN (DPL NO)
LC control number UR-10096
020 ## - INTERNATIONAL STANDARD BOOK NUMBER
Terms of availability 400.00
International Standard Book Number 9789386624611
035 ## - SYSTEM CONTROL NUMBER
System control number U-8651
037 ## - SOURCE OF ACQUISITION
Source of stock number/acquisition DBAD/PUB
082 ## - DEWEY DECIMAL CLASSIFICATION NUMBER
Classification number ک
100 ## - MAIN ENTRY--PERSONAL NAME
Personal name نقو ی نقشبند قمر بخا ر ی
245 ## - TITLE STATEMENT
Title خو نی آ د م خو ر شير
Statement of responsibility, etc نقو ی نقشبند قمر بخا ر ی
246 ## - VARYING FORM OF TITLE
Remainder of title Khooni (Urdu)
Title proper/short title by Naqshband Qamar Naqvi
260 ## - PUBLICATION, DISTRIBUTION, ETC. (IMPRINT)
Place of publication, distribution, etc Delhi
Name of publisher, distributor, etc Educational Publishing House
Date of publication, distribution, etc 2017 ء
270 ## - ADDRESS
Address 3191،Vakil Street,Kucha Pandit,Lal Kuan,
City Delhi
Postal code 110006
Telephone number 23216162
Fax number 00911123211540
300 ## - PHYSICAL DESCRIPTION
Extent 164ص
Dimensions 22 Cm.(bk)
942 ## - ADDED ENTRY ELEMENTS (KOHA)
Source of classification or shelving scheme Dewey Decimal Classification
Item type Urdu Bks
Classification part ک
Call number suffix ن ق و
Holdings
Withdrawn status Lost status Not for loan Collection code Home library Current library Date acquired Source of acquisition Cost, normal purchase price Full call number Barcode Copy number Cost, replacement price Koha item type
    Not For Loan Fiction D.B.Act.Division D.B.Act.Division 10/05/2019 DBAD/PUB 400.00 ک ن ق و U-8651 1 400.00 Urdu Bks

© Delhi Public Library
Hit Counter
free hit counter